Achieving Value for Money In Infrastructure Public Private partnership (PPPs) In Developing Countries (Record no. 64816)

MARC details
000 -LEADER
fixed length control field 00468nam a22001337a 4500
082 ## - DEWEY DECIMAL CLASSIFICATION NUMBER
Classification number R/IMS-19
-- 16-MCEM-14
Item number Supervisor - Dr. Aftab Hameed Memon
100 ## - MAIN ENTRY--AUTHOR NAME
Personal name Mahwish
245 ## - TITLE STATEMENT
Title Achieving Value for Money In Infrastructure Public Private partnership (PPPs) In Developing Countries
260 ## - PUBLICATION, DISTRIBUTION, ETC. (IMPRINT)
Place of publication Nawabshah
Name of publisher QUEST
Year of publication 2019
300 ## - PHYSICAL DESCRIPTION
Number of Pages 64p
700 ## - ADDED ENTRY--PERSONAL NAME
Personal name Department of Civil Engineering Faculty of engineering
856 ## - ELECTRONIC LOCATION AND ACCESS
Uniform Resource Identifier http://tinyurl.com/3jf5dejj
942 ## - ADDED ENTRY ELEMENTS (KOHA)
Koha item type Thesis and Dissertation
Holdings
Withdrawn status Lost status Home library Current library Date acquired Accession Number Koha item type
    Research Section Research Section 01/07/2019 MP/43-489 Thesis and Dissertation
    Research Section Research Section 21/12/2023 MP/52-636 Thesis and Dissertation